000 00576nam a2200205Ii 4500
001 4316
003 CO-ViMGA
008 241108s9999||||xx |||||||||||||| ||und||
040 _aCO-ViMGA
_bspa
_erda
_cCO-ViMGA
041 0 _aspa
082 0 4 _a530.1 R669
100 1 _aReclus Roca Vila
_951563
245 1 0 _aIntroducción a la mecánica de fluidos
264 1 _aMéxico : Limusa, 1978
300 _avolumen
336 _atext
_btxt
_2rdacontent
337 _aunmediated
_bn
_2rdamedia
338 _avolume
_bnc
_2rdacarrier
940 _aidficha_siabuc: 4221. -- ficha_no_siabuc:4316
999 _c46292
_d46292